Normal view
MARC view
- الأدب العربي - قصص - العراق
Entry Topical Term
001 - CONTROL NUMBER
- control field: 49351
003 - CONTROL NUMBER IDENTIFIER
- control field: JO-AjAnu
005 - DATE AND TIME OF LATEST TRANSACTION
- control field: 20230606082131.0
008 - FIXED-LENGTH DATA ELEMENTS
- fixed length control field: 230606|| aca||aabn | a|a d
040 ## - CATALOGING SOURCE
- Original cataloging agency: JO-AjAnu
- Transcribing agency: JO-AjAnu
150 ## - HEADING--TOPICAL TERM
- Topical term or geographic name entry element: الأدب العربي - قصص - العراق
670 ## - SOURCE DATA FOUND
- Source citation: Work cat.: (JO-AjAnu)25238: تأليف الروضان، عبد عون, author 49350, قفص من فضاء